000 01019cad a22002415a 4500
001 E149010
008 091214s2009 xxkad f s 000 0 eng d
035 _a(Sirsi) u149010
041 0 _aeng
050 0 4 _a333.6324 $2 18
110 2 _aGVA Grimley
_93646
245 0 0 _aUK economic property and market review
_bQ4 2009
_h[electronic resource]
260 _aLondon
_bGVA Grimley
_c2009
490 0 _aGVA Grimley Economic and Property Market Review UK
_vFourth Quarter 2009
520 _aReports that all property rental values are forecast to fall over the next two years, although the current lack of development activity means that rents will rise again after that.
521 _aAdvanced
590 _aKA NTK
650 2 4 _aGVA GRIMLEY ECONOMIC AND PROPERTY MARKET REVIEW UK
651 4 _aUnited Kingdom
_y
690 _aPROPERTY-COMMERCIAL PROPERTY-COMMERCIAL PROPERTY MARKET
856 4 0 _uhttps://www.gvagrimley.co.uk
_zView this report free of charge under research at www.gvagrimley.co.uk...
942 _n0
999 _c110332
_d110332